The horse interlude : a pictorial history of horse and man in the inland Northwest /

Bibliographic Details
Main Author: Keith, Thomas B.
Other Authors: Anderson, Clifton
Format: Book
Language:English
Published: Moscow : University Press of Idaho, 1976
Subjects:

MARC

Tag First Indicator Second Indicator Subfields
LEADER 00000cam a2200000 a 4500
001 in00000076686
005 20151008053738.0
008 770718s1976 idua b 00010 engm
010 |a  76046792  
020 |a 0893010367 
035 |a (OCoLC)03169566 
035 |9 AAH8508AM 
040 |a DLC  |c DLC  |d OCL  |d TXA  |d UtOrBLW 
043 |a n-usw-- 
049 |a TXAM  |c [985066] 
050 0 0 |a SF284.U5  |b K44 
082 0 |a 979.7/03 
090 |a SF284.U5  |b K44 1980 
100 1 |a Keith, Thomas B. 
245 1 4 |a The horse interlude :  |b a pictorial history of horse and man in the inland Northwest /  |c by Thomas B. Keith ; edited by Clifton Anderson ; illustrated by Greg Pole. 
264 1 |a Moscow :  |b University Press of Idaho,  |c 1976 
264 3 |c 1980 printing 
300 |a 195 pages :  |b illustrations ;  |c 28 cm. 
336 |a text  |b txt  |2 rdacontent 
337 |a unmediated  |b n  |2 rdamedia 
338 |a volume  |b nc  |2 rdacarrier 
504 |a Includes bibliographical references. 
650 0 |a Horses  |z Northwest, Pacific  |x History. 
650 0 |a Draft horses  |z Northwest, Pacific  |x History. 
650 0 |a Wheat  |z Northwest, Pacific  |x History. 
700 1 |a Anderson, Clifton. 
999 |a MARS 
999 f f |s d64f776b-4937-395f-bf39-1774046d0bd8  |i b2af042d-f341-3bac-8981-fde7ade3ad14  |t 0 
952 f f |p ric  |a Texas A&M University  |b Rellis Campus  |c Joint Library Facility  |d Remote Storage  |t 0  |e SF284.U5 K44 1980  |h Library of Congress classification  |i unmediated -- volume  |m A14806238098 
998 f f |a SF284.U5 K44 1980  |t 0  |l Remote Storage